| 000 | 00619nam a2200205 i 4500 | ||
|---|---|---|---|
| 001 | 83121 | ||
| 003 | BD-RjUL | ||
| 005 | 20240220121804.0 | ||
| 008 | 240220s1962 ir a a 001 0 per | | ||
| 035 | _a(BD-RjUL)83121 | ||
| 040 |
_aHAI _bara _erda _cBD-RjUL |
||
| 041 | 0 | _aper | |
| 082 |
_223 _a891.553 _bFIU 1962 |
||
| 100 | 0 |
_aفردوسى, Firdawsī. _eمؤلف _9612 |
|
| 245 | 1 | 0 |
_aيوسف و زليخا : Yūsuf Zulaykhā / _c:فردوسى. / Firdawsī. |
| 264 | 1 |
_aKanpure : _bانتشارات آفرينش، _c1962 |
|
| 300 |
_a123 صفحة : _c25 سم |
||
| 650 |
_aFersian Literature _911827 |
||
| 942 |
_2ddc _cBK |
||
| 999 |
_c83121 _d83121 |
||